000 00531nam a2200217Ia 4500
003 OSt
005 20220924133638.0
006 a|||||r|||| 00| 0
007 ta
008 220923b |||||||| |||| 00| 0 snd d
024 _a267687
037 _cTextual
040 _aARTS
_cARTS
_bsnd
041 _2snd
_asnd
082 _aO157;3M61:28, 1593J3
100 _aTagore
_9154861
245 0 _aShahi taj
260 _c1953
942 _hO157;3M61:28, 1593J3
_cTEXL
_2CC
999 _c434576
_d434576